00667 a2200169 4500010001400000020002600014035001300040037001600053082002200069100002100091245007500112260004000187270008000227300003000307490011000337500005000447 aENG-89733 a9788178297910c595.00 aEN-73266 bDBAD / PUB14a320.54095454090421 aAcharya, Pritish1 aNational movement and politics in Orissa, 1920-29/cby Pritish Acharya aNew DelhibSage Publicationsc2008 aB1/11, Mohan Cooperative Industrial Area, Mathura RoadbNew Delhie110 044 axxiv, 301p.c22 cm. (Hb) aSage series in modern Indian history/edited by Bipan Chandra, Mridula Mukherjee [and] Aditya Mukherjee;XI aIncludes bibliographical references & index.